Transmision digital desde un microcomputador utilizando modulacion DPSK

Tallennettuna:
Bibliografiset tiedot
Päätekijä: Sonderegger Beyeler, Andre
Aineistotyyppi: Opinnäyte Kirja
Kieli:Undetermined
Julkaistu: 1984
Aiheet:
Tagit: Lisää tagi
Ei tageja, Lisää ensimmäinen tagi!

MARC

LEADER 00000nam a2200000Ia 4500
001 4320
008 140114s9999 xx 000 0 und d
100 |a Sonderegger Beyeler, Andre 
245 |a Transmision digital desde un microcomputador utilizando modulacion DPSK 
260 |c 1984 
500 |a NULL 
502 |a Escuela de ingenieria Electrica 
650 |z TRANSMISION DIGITAL 
999 |c 11587  |d 11587